000 02770cam a22005414i 4500
003 PE-LiUPU
005 20250731175639.0
008 150706s r 000 0 d
020 _a9781424011438
035 _a(Sirsi) i9781424011438
040 _aPE-LiUPU
_bspa
_cPE-LiUPU
_erda
049 _aPRUA
082 0 4 _a428.0786
_bFRLA2mo
_221
110 2 _aNational Geographic
245 1 0 _aMonkey party /
_cRob Waring, editor de serie.
264 1 _aBoston, Mass. :
_bHeinle,
_c2008.
300 _a24 páginas :
_bilustraciones ;
_c21 cm.
336 _atext
_2rdacontent
337 _aunmediated
_2rdamedia
338 _avolume
_2rdacarrier
490 0 _aFootprint reading library. Pre-Intermediate A2
505 0 _aLectura en ingles de "Fiesta del mono".
526 _aP145
526 _aP127
526 _aP97
526 _aP35
526 _aP14
526 _aP07
541 _g002-0042777;
541 _g002-0046574;
541 _g002-0050802;
650 0 4 _aMonos.
650 0 4 _aInglés
_vLibros de lectura para nuevos lectores.
700 1 _aWaring, Rob,
_eed.
910 _cjck
_d20110714
942 _2ddc
_cBOOK
949 _a428.0786 FRL A2MO
_wDEWEY
_c1
_i63222
_lCCODEBUL1
_mBUL
_p9.00
_r0
_sY
_tBOOK
_u2015-7-6
_xEDUCACION
_PP20
_o.STAFF. Colección General
949 _a428.0786 FRL A2MO
_wDEWEY
_c2
_i64641
_lCCODEBUL1
_mBUL
_p5.00
_r0
_sY
_tBOOK
_u2015-7-6
_xEDUCACION
_PP20
_o.STAFF. Colección General
949 _a428.0786 FRL A2MO
_wDEWEY
_c3
_i67984
_lCCODEBUL1
_mBUL
_p8.00
_r0
_sY
_tBOOK
_u2015-7-6
_xEDUCACION
_PP20
_o.STAFF. Colección General
949 _a428.0786 FRL A2MO
_wDEWEY
_c4
_i68394
_lCCODEBUL1
_mBUL
_p9.00
_r0
_sY
_tBOOK
_u2015-7-6
_xBIBLIOTECA
_zUNKNOWN
_o.STAFF. Colección General
994 _aC0
_bPEPRU
596 _a1
999 _a428.0786 FRL A2MO
_wDEWEY
_c52221
_i63222
_f2021-11-8
_g5
_lCCODEBUL1
_mBUL
_p9.00
_r0
_sY
_tBOOK
_u2015-7-6
_xEDUCACION
_PP20
_0COMPRA
_o.STAFF. Colección General
_d52221
999 _a428.0786 FRL A2MO
_wDEWEY
_c2
_i64641
_d2019-1-24
_e2015-8-31
_f2021-11-8
_g5
_lCCODEBUL1
_mBUL
_n2
_p5.00
_q1
_r0
_sY
_tBOOK
_u2015-7-6
_xEDUCACION
_PP20
_0COMPRA
_o.STAFF. Colección General
999 _a428.0786 FRL A2MO
_wDEWEY
_c3
_i67984
_d2019-1-8
_f2021-11-8
_g5
_lCCODEBUL1
_mBUL
_p8.00
_q1
_r0
_sY
_tBOOK
_u2015-7-6
_xEDUCACION
_PP20
_0COMPRA
_o.STAFF. Colección General
999 _a428.0786 FRL A2MO
_wDEWEY
_c4
_i68394
_d2018-3-20
_f2021-11-8
_g5
_lCCODEBUL1
_mBUL
_p9.00
_q1
_r0
_sY
_tBOOK
_u2015-7-6
_xEDUCACION
_zUNKNOWN
_0COMPRA
_o.STAFF. Colección General
980 _81
_gALBERTO SANCHEZ Responsable de Automatización